000 00862cab a2200277 4500
001 ABS58784
008 090401t1998 xxu||||| |||| 00| 0 eng d
035 _a(Sirsi) u86521
041 _aeng
100 _aWells, D.
245 _aRisk management
260 _c1998
350 _a0
490 _aCost Engineer
_v36(3) May 1998, 5-12(8)
520 _aThree articles providing a realistic view on risk management. They cover general views on what it is and how it can be used, issues to consider, simple models, and how to develop a risk management culture.
650 _aPROBABILITY
650 _aPROJECT CONTROL
650 _aMANAGEMENT-PROJECT MANAGEMENT
650 _aRISK ANALYSIS
650 _aRISK MANAGEMENT
690 _aProject management
_96261
700 _aAstley, P.
700 _aWaring, A.
942 _n0
948 _c01/06/1998
999 _c54457
_d54457